书目信息 |
| 题名: |
用水墨技法画动物
|
|
| 作者: | 霍娃 著 ;侯丽媛 译 | |
| 分册: | ||
| 出版信息: | 上海 上海书画出版社 2020.7 |
|
| 页数: | 144页 | |
| 开本: | 26cm | |
| 丛书名: | 轻松画生活 | |
| 单 册: | ||
| 中图分类: | J211.28 | |
| 科图分类: | ||
| 主题词: | 动物画--绘画技法 | |
| 电子资源: | ||
| ISBN: | 978-7-5479-2396-2 | |
| 000 | 01261nam2 2200277 45 | |
| 001 | 012001001583 | |
| 005 | 20130912163935.0 | |
| 010 | @a978-7-5479-2396-2@dCNY80.00 | |
| 100 | @a20200928d2020 em y0chiy0110 ea | |
| 101 | 1 | @achi@ccze |
| 102 | @aCN@b310000 | |
| 105 | @aa z 000yy | |
| 106 | @ar | |
| 200 | 1 | @a用水墨技法画动物@Ayong shui mo ji fa hua dong wu@f(捷克)索瓦·霍娃著@g侯丽媛译 |
| 210 | @a上海@c上海书画出版社@d2020.7 | |
| 215 | @a144页@c图@d26cm | |
| 225 | 2 | @a轻松画生活 |
| 305 | @a版权归上海树实文化传播有限公司 | |
| 330 | @a本书属于“轻松画生活”系列,本系列书籍适合入门初级读者使用和阅读。这书中设置了52个绘画练习,练习中用到的技法,有些是艺术家自己的经验之谈,有些则借鉴了其他艺术家的案例。本书具有很强的可操作性,适合不同年龄、不同绘画基础的读者。艺术家索瓦·霍娃希望通过本书教会大家如何用水墨画轻松地画出动物,不再畏惧绘画,勇于挑战和尝试,并鼓励大家发展出自己的艺术风格。每个人都可以用自己喜欢的方式来表达自己,艺术这没有对错之分,只要勇敢尝试就可以创作出属于自己的艺术作品。 | |
| 461 | 0 | @12001 @a轻松画生活 |
| 606 | 0 | @a动物画@x绘画技法 |
| 690 | @aJ211.28@v5 | |
| 701 | 1 | @c(捷克)@a霍娃@Ahuo wa@b索瓦@4著 |
| 702 | 0 | @a侯丽媛@Ahou li yuan@4译 |
| 801 | @aCN@b江苏凤凰@c20211018 | |
| 905 | @b1344069-72@dJ211.28@e1412@f4 | |
| 用水墨技法画动物/(捷克)索瓦·霍娃著/侯丽媛译.-上海:上海书画出版社,2020.7 |
| 144页:图;26cm.-(轻松画生活) |
| ISBN 978-7-5479-2396-2:CNY80.00 |
| 本书属于“轻松画生活”系列,本系列书籍适合入门初级读者使用和阅读。这书中设置了52个绘画练习,练习中用到的技法,有些是艺术家自己的经验之谈,有些则借鉴了其他艺术家的案例。本书具有很强的可操作性,适合不同年龄、不同绘画基础的读者。艺术家索瓦·霍娃希望通过本书教会大家如何用水墨画轻松地画出动物,不再畏惧绘画,勇于挑战和尝试,并鼓励大家发展出自己的艺术风格。每个人都可以用自己喜欢的方式来表达自己,艺术这没有对错之分,只要勇敢尝试就可以创作出属于自己的艺术作品。 |
| ● |
| 相关链接 |
|
|
|
|
正题名:用水墨技法画动物
索取号:J211.28/1412
 
预约/预借
| 序号 | 登录号 | 条形码 | 馆藏地/架位号 | 状态 | 备注 |
| 1 | 1344069 | 213440695 | 第一样本阅览室/ [索取号:J211.28/1412] | 在馆 | |
| 2 | 1344070 | 213440702 | 第一借阅区/ [索取号:J211.28/1412] | 在馆 | |
| 3 | 1344071 | 213440711 | 第一借阅区/ [索取号:J211.28/1412] | 在馆 | |
| 4 | 1344072 | 213440720 | 第一借阅区/ [索取号:J211.28/1412] | 在馆 |